[Event "Split op 12th"]
[Site "Split"]
[Date "2023.08.12"]
[Round "8"]
[White "Kopylov, Daniel"]
[Black "Radenic, Filip"]
[Result "1/2-1/2"]
[WhiteElo "2342"]
[BlackElo "2195"]
[PlyCount "76"]
[EventDate "2023.08.05"]
[EventType "swiss"]
[EventRounds "9"]
[EventCountry "CRO"]
[SourceTitle "CBM 215 Extra"]
[Source "ChessBase"]
[SourceDate "2023.09.30"]
[SourceVersion "1"]
[SourceVersionDate "2023.09.30"]
[SourceQuality "1"]

1. e4 e6 2. d4 d5 3. e5 c5 4. c3 Nc6 5. Nf3 Qb6 6. Na3 cxd4 7. cxd4 Bb4+ 8. Bd2 Bd7 9. Bc3 Nge7 10. Bd3 Nxd4 11. 0-0 Nxf3+ 12. Qxf3 0-0 13. Qh3 Ng6 14. Rad1 Bxc3 15. bxc3 Rac8 16. Bxg6 fxg6 17. c4 Rf7 18. Rb1 Qd4 19. Nb5 Bxb5 20. cxb5 Qxe5 21. Rbe1 Qf5 22. Qe3 b6 23. Qxe6 Qxe6 24. Rxe6 Rd7 25. Ra1 Rc2 26. Kf1 Kf7 27. Re2 Rdc7 28. Re5 Rd2 29. Rae1 d4 30. g3 Rxa2 31. R1e4 h6 32. Rxd4 g5 33. Rf5+ Kg6 34. g4 Rac2 35. Rd6+ Kh7 36. Kg2 R2c5 37. Rxc5 bxc5 38. Rc6 Rb7 1/2-1/2

[Event "Split op 12th"]
[Site "Split"]
[Date "2023.08.09"]
[Round "6"]
[White "Molenda, Marcin"]
[Black "Radenic, Filip"]
[Result "1-0"]
[WhiteElo "2392"]
[BlackElo "2195"]
[PlyCount "117"]
[EventDate "2023.08.05"]
[EventType "swiss"]
[EventRounds "9"]
[EventCountry "CRO"]
[SourceTitle "CBM 215 Extra"]
[Source "ChessBase"]
[SourceDate "2023.09.30"]
[SourceVersion "1"]
[SourceVersionDate "2023.09.30"]
[SourceQuality "1"]

1. Nf3 Nf6 2. c4 b6 3. g3 e6 4. Bg2 Bb7 5. 0-0 Be7 6. b3 0-0 7. Bb2 c5 8. Nc3 d5 9. cxd5 Nxd5 10. d4 Nxc3 11. Bxc3 Bf6 12. Qc2 Nd7 13. Ng5 Bxg5 14. Bxb7 Rb8 15. Be4 h6 16. Rad1 Qe7 17. d5 exd5 18. Rxd5 Bf6 19. Bh7+ Kh8 20. Bf5 Rfd8 21. Rfd1 Nf8 22. Be1 Ne6 23. Rxd8+ Rxd8 24. Rxd8+ Nxd8 25. Qe4 Qxe4 26. Bxe4 Ne6 27. Kg2 Kg8 28. Bd3 Kf8 29. f4 Ke7 30. Kf3 Kd6 31. e4 Bd4 32. e5+ Ke7 33. Ke4 Bg1 34. h3 Nd4 35. g4 Ne6 36. h4 Bh2 37. f5 Nd4 38. Bc3 Bg3 39. b4 Bxh4 40. bxc5 bxc5 41. Kd5 Bf2 42. Ba5 Kd7 43. Bd2 Ke7 44. Bc1 Kd7 45. a4 Kc7 46. e6 fxe6+ 47. fxe6 Bg3 48. g5 hxg5 49. Bxg5 Bd6 50. e7 Kd7 51. e8Q+ Kxe8 52. Kxd6 Kf7 53. Be3 Kf6 54. Kxc5 Ne6+ 55. Kd6 a5 56. Bd2 Nd8 57. Bc3+ Kf7 58. Bc4+ Ke8 59. Bd5 1-0

[Event "Split op 12th"]
[Site "Split"]
[Date "2023.08.06"]
[Round "3"]
[White "Zadro, Matej"]
[Black "Radenic, Filip"]
[Result "0-1"]
[WhiteElo "1905"]
[BlackElo "2195"]
[PlyCount "126"]
[EventDate "2023.08.05"]
[EventType "swiss"]
[EventRounds "9"]
[EventCountry "CRO"]
[SourceTitle "CBM 215 Extra"]
[Source "ChessBase"]
[SourceDate "2023.09.30"]
[SourceVersion "1"]
[SourceVersionDate "2023.09.30"]
[SourceQuality "1"]

1. e4 e6 2. d4 d5 3. e5 c5 4. c3 Nc6 5. Nf3 Qb6 6. a3 c4 7. g3 Bd7 8. Bh3 Na5 9. Nbd2 h6 10. 0-0 Ne7 11. Nh4 0-0-0 12. f4 g6 13. Ng2 Kb8 14. Rb1 Qc7 15. Ne3 Nc8 16. Qe2 Ba4 17. Bg2 Nb6 18. g4 h5 19. h3 hxg4 20. hxg4 Be7 21. f5 gxf5 22. gxf5 f6 23. Nf3 Rdg8 24. fxe6 Bd8 25. Nf5 Qh7 26. N3h4 Nc6 27. Bf4 fxe5 28. Bxe5+ Nxe5 29. Qxe5+ Bc7 30. Qe2 Be8 31. Rbe1 Bh5 32. Qe3 Bg4 33. e7 Bxf5 34. Rxf5 Qxh4 35. e8Q+ Rxe8 36. Qxe8+ Rxe8 37. Rxe8+ Bd8 38. Rff8 Kc7 39. Rxd8 Qe1+ 40. Kh2 Qd2 41. Rde8 Qxb2 42. Rf3 Qxa3 43. Re6 Nd7 44. Bh3 Qb2+ 45. Kg3 Qc1 46. Rfe3 Nb8 47. Bg2 Nc6 48. Bxd5 a5 49. Bxc4 Nxd4 50. Re7+ Kb6 51. cxd4 Qxc4 52. R7e4 a4 53. Kf4 Qf7+ 54. Ke5 a3 55. d5 a2 56. Re1 Qg7+ 57. Ke6 a1Q 58. Rxa1 Qxa1 59. d6 Qb1 60. Rd4 Qg6+ 61. Ke5 Qg7+ 62. Kd5 Qf7+ 63. Ke5 Kc5 0-1

[Event "CRO-chT U20 29th"]
[Site "Cakovec"]
[Date "2020.07.17"]
[Round "8.2"]
[White "Radenic, Filip"]
[Black "Dumancic, Simun"]
[Result "1-0"]
[WhiteElo "2134"]
[BlackElo "1920"]
[PlyCount "63"]
[EventDate "2020.07.14"]
[EventType "team-tourn"]
[EventRounds "11"]
[EventCountry "CRO"]
[SourceTitle "CBM 197 Extra"]
[Source "ChessBase"]
[SourceDate "2020.09.30"]
[SourceVersion "1"]
[SourceVersionDate "2020.09.30"]
[SourceQuality "1"]
[WhiteTeam "Rijeka Junior U20"]
[BlackTeam "Sesvete Agroproteinka U20"]
[WhiteTeamCountry "CRO"]
[BlackTeamCountry "CRO"]

1. c4 Nf6 2. Nf3 g6 3. Nc3 d5 4. cxd5 Nxd5 5. Qa4+ Nc6 6. Ne5 Nxc3 7. dxc3 Bd7 8. Nxd7 Qxd7 9. e4 Ne5 10. Qxd7+ Nxd7 11. Bf4 e5 12. Be3 Bc5 13. Bh6 Bf8 14. Bd2 Nc5 15. f3 0-0-0 16. Bg5 Rd6 17. Rd1 Rxd1+ 18. Kxd1 Bg7 19. Bc4 f6 20. Be3 Na4 21. Kc2 Nb6 22. Be6+ Kb8 23. Rd1 Re8 24. Bxb6 cxb6 25. Rd7 Bf8 26. Bd5 Kc8 27. Rxh7 g5 28. Bxb7+ Kb8 29. Bd5 Re7 30. Rh8 Re8 31. g3 a5 32. h4 1-0

[Event "CRO-chT U20 29th"]
[Site "Cakovec"]
[Date "2020.07.14"]
[Round "1.4"]
[White "Radenic, Filip"]
[Black "Simunic, Krunoslav"]
[Result "1-0"]
[WhiteElo "2134"]
[BlackElo "2047"]
[PlyCount "75"]
[EventDate "2020.07.14"]
[EventType "team-tourn"]
[EventRounds "11"]
[EventCountry "CRO"]
[SourceTitle "CBM 197 Extra"]
[Source "ChessBase"]
[SourceDate "2020.09.30"]
[SourceVersion "1"]
[SourceVersionDate "2020.09.30"]
[SourceQuality "1"]
[WhiteTeam "Rijeka Junior U20"]
[BlackTeam "Split Mornar U20"]
[WhiteTeamCountry "CRO"]
[BlackTeamCountry "CRO"]

1. d4 e6 2. e4 d5 3. Nd2 c5 4. Ngf3 Nf6 5. exd5 Qxd5 6. Bc4 Qd7 7. 0-0 cxd4 8. Nb3 Nc6 9. Nbxd4 Nxd4 10. Nxd4 a6 11. Re1 Qc7 12. Qe2 Be7 13. Bg5 h6 14. Bh4 0-0 15. Rad1 Bd7 16. Bb3 Rad8 17. c3 Rfe8 18. Bg3 Qb6 19. Be5 Bc6 20. Bc2 Kf8 21. Bb1 Nd5 22. Bxg7+ Kxg7 23. Qg4+ Bg5 24. h4 Nf6 25. Qg3 Nh5 26. Qg4 Nf6 27. Qg3 Nh5 28. Qd3 Bf4 29. Qh7+ Kf6 30. g4 Rh8 31. Rxe6+ fxe6 32. Qg6+ Ke7 33. Qxe6+ Kf8 34. Bg6 Qc7 35. Bxh5 Bh2+ 36. Kf1 Bb5+ 37. Kg2 Qf4 38. Nf5 1-0

[Event "CRO-ch U17/U19"]
[Site "Vinkovci"]
[Date "2019.07.24"]
[Round "4"]
[White "Petrovic, David1111"]
[Black "Radenic, Filip"]
[Result "0-1"]
[WhiteElo "1804"]
[BlackElo "2129"]
[PlyCount "54"]
[EventDate "2019.07.22"]
[EventType "swiss"]
[EventRounds "9"]
[EventCountry "CRO"]
[SourceTitle "EXT 2020"]
[Source "ChessBase"]
[SourceDate "2019.10.17"]
[SourceVersion "1"]
[SourceVersionDate "2019.10.17"]
[SourceQuality "1"]

1. e4 e6 2. b3 d5 3. Bb2 dxe4 4. Nc3 Nf6 5. Qe2 Bb4 6. 0-0-0 Qe7 7. g4 Ba3 8. Nxe4 a5 9. Nxf6+ Qxf6 10. c3 Bxb2+ 11. Kxb2 a4 12. b4 a3+ 13. Kb1 Bd7 14. Bg2 Nc6 15. d4 0-0 16. Nf3 Ne7 17. g5 Qf5+ 18. Ka1 Nd5 19. Qd2 Bc6 20. Ne5 Nxb4 21. cxb4 Bxg2 22. Rhg1 Bd5 23. Nd7 Rfd8 24. Nf6+ Kh8 25. h4 gxf6 26. gxf6 Qxf6 27. Rg5 Bf3 0-1

[Event "CRO-ch U17/U19"]
[Site "Vinkovci"]
[Date "2019.07.23"]
[Round "2"]
[White "Tomulic, Teo"]
[Black "Radenic, Filip"]
[Result "1-0"]
[WhiteElo "2327"]
[BlackElo "2129"]
[PlyCount "91"]
[EventDate "2019.07.22"]
[EventType "swiss"]
[EventRounds "9"]
[EventCountry "CRO"]
[SourceTitle "EXT 2020"]
[Source "ChessBase"]
[SourceDate "2019.10.17"]
[SourceVersion "1"]
[SourceVersionDate "2019.10.17"]
[SourceQuality "1"]

1. e4 e6 2. d4 d5 3. Nd2 c5 4. exd5 Qxd5 5. Ngf3 cxd4 6. Bc4 Qd6 7. 0-0 Nf6 8. Nb3 Nc6 9. Nbxd4 Nxd4 10. Nxd4 a6 11. c3 Bd7 12. Qf3 Qc7 13. Bd3 e5 14. Bg5 0-0-0 15. Bxf6 gxf6 16. Ne2 Be7 17. Rad1 Kb8 18. Ng3 Rdg8 19. Bf5 Bb5 20. Rfe1 h5 21. h4 Bc5 22. Ne4 Bc6 23. Qe2 Bb6 24. Kh2 Qe7 25. Rd2 Qf8 26. g3 Qe7 27. Red1 Rd8 28. Rxd8+ Bxd8 29. Qe3 Qc7 30. Nc5 Qa5 31. b4 Qxa2 32. Be4 Bb5 33. Rd2 Qc4 34. Nxb7 Bc7 35. Nd6 Qe6 36. Nxb5 Bb6 37. Qe2 axb5 38. Qxb5 Kc7 39. c4 Rd8 40. Rxd8 Kxd8 41. c5 Bc7 42. Qd3+ Ke7 43. b5 Qa2 44. Kg2 Qb2 45. b6 Bxb6 46. Qd6+ 1-0

[Event "Solta Amateur op"]
[Site "Grohote"]
[Date "2018.06.29"]
[Round "7"]
[White "Radenic, Filip"]
[Black "Jezidzic, Gordan"]
[Result "1/2-1/2"]
[WhiteElo "2172"]
[BlackElo "1996"]
[PlyCount "33"]
[EventDate "2018.06.24"]
[EventType "swiss"]
[EventRounds "9"]
[EventCountry "CRO"]
[SourceTitle "CBM 185 Extra"]
[Source "ChessBase"]
[SourceDate "2018.07.29"]
[SourceVersion "1"]
[SourceVersionDate "2018.07.29"]
[SourceQuality "1"]

1. c4 Nf6 2. Nc3 e6 3. e4 d5 4. e5 d4 5. exf6 dxc3 6. bxc3 Qxf6 7. Nf3 c5 8. d4 cxd4 9. Bg5 Qf5 10. cxd4 Bb4+ 11. Bd2 Qa5 12. Rb1 Bxd2+ 13. Qxd2 Qxd2+ 14. Kxd2 b6 15. c5 Bb7 16. cxb6 axb6 17. Rxb6 1/2-1/2

[Event "Solta Amateur op"]
[Site "Grohote"]
[Date "2018.06.25"]
[Round "2"]
[White "Mrdja, Milan"]
[Black "Radenic, Filip"]
[Result "1/2-1/2"]
[WhiteElo "2300"]
[BlackElo "2172"]
[PlyCount "53"]
[EventDate "2018.06.24"]
[EventType "swiss"]
[EventRounds "9"]
[EventCountry "CRO"]
[SourceTitle "CBM 185 Extra"]
[Source "ChessBase"]
[SourceDate "2018.07.29"]
[SourceVersion "1"]
[SourceVersionDate "2018.07.29"]
[SourceQuality "1"]

1. e4 e6 2. Qe2 e5 3. Nf3 Nc6 4. c3 Nf6 5. d4 d6 6. d5 Ne7 7. c4 g6 8. Nc3 Bg7 9. h3 0-0 10. g4 c5 11. dxc6 bxc6 12. Bg2 d5 13. exd5 e4 14. d6 Qxd6 15. Nd2 Re8 16. 0-0 Ba6 17. Rd1 Ned5 18. Ncxe4 Nxe4 19. Nxe4 Qb4 20. Qd2 Bxc4 21. Qxb4 Nxb4 22. Bd2 Bd5 23. Bxb4 Bxe4 24. Ba3 Bxg2 25. Kxg2 Re2 26. Kf1 Rae8 27. Re1 1/2-1/2

[Event "CRO Cup"]
[Site "Mali Losinj"]
[Date "2018.05.17"]
[Round "3.92"]
[White "Radenic, Filip"]
[Black "Rubil, Marko"]
[Result "0-1"]
[WhiteElo "2177"]
[BlackElo "2227"]
[PlyCount "114"]
[EventDate "2018.05.16"]
[EventType "team-swiss"]
[EventRounds "6"]
[EventCountry "CRO"]
[SourceTitle "CBM 184 Extra"]
[Source "ChessBase"]
[SourceDate "2018.06.28"]
[SourceVersion "1"]
[SourceVersionDate "2018.06.28"]
[SourceQuality "1"]
[WhiteTeam "Busevec Polet"]
[BlackTeam "Slavonski Brod"]
[WhiteTeamCountry "CRO"]
[BlackTeamCountry "CRO"]

1. c4 f5 2. Nc3 Nf6 3. g3 g6 4. Bg2 Bg7 5. e3 0-0 6. Nge2 d6 7. 0-0 e5 8. d3 c6 9. Rb1 Be6 10. b4 d5 11. cxd5 cxd5 12. f4 e4 13. Nd4 Bf7 14. b5 Nbd7 15. Ba3 Re8 16. Qd2 Nb6 17. Rfe1 Rc8 18. Rbd1 Nfd7 19. Nde2 Qf6 20. Nd4 Rc7 21. g4 Nc5 22. Bxc5 Rxc5 23. gxf5 gxf5 24. Bh3 Bg6 25. Nce2 Nc8 26. Qb4 Bf8 27. Ng3 Qh4 28. Bg2 Qg4 29. Qb3 Kh8 30. dxe4 fxe4 31. Rf1 Bf7 32. f5 Bd6 33. Nde2 h5 34. Nf4 h4 35. Nh1 Rg8 36. Qb2+ Kh7 37. Nf2 Qg5 38. N2h3 Qh6 39. Kh1 Nb6 40. Rg1 Nc4 41. Qb3 Qf6 42. Rgf1 Qe5 43. Ng1 Rg5 44. Bh3 Be8 45. a4 Nb6 46. Nge2 Bh5 47. Rf2 Bf3+ 48. Rxf3 exf3 49. Nd4 Qe4 50. Nde6 f2+ 51. Bg2 Rxg2 52. Nxg2 Qxf5 53. Qb1 Qxb1 54. Rxb1 Rc2 55. Nd4 Rb2 56. Rf1 h3 57. Nh4 Nc4 0-1

[Event "Topusko Amateur op 6th"]
[Site "Topusko"]
[Date "2017.08.17"]
[Round "7"]
[White "Cvitan, Ena"]
[Black "Radenic, Filip"]
[Result "1-0"]
[WhiteElo "2224"]
[BlackElo "2187"]
[PlyCount "79"]
[EventDate "2017.08.12"]
[EventType "swiss"]
[EventRounds "9"]
[EventCountry "CRO"]
[SourceTitle "CBM 180 Extra"]
[Source "ChessBase"]
[SourceDate "2017.10.06"]
[SourceVersion "1"]
[SourceVersionDate "2017.10.06"]
[SourceQuality "1"]

1. d4 Nf6 2. c4 g6 3. Nc3 d5 4. cxd5 Nxd5 5. e4 Nxc3 6. bxc3 Bg7 7. Bc4 0-0 8. Ne2 c5 9. 0-0 Nc6 10. Be3 Bg4 11. f3 Na5 12. Bxf7+ Rxf7 13. fxg4 Rxf1+ 14. Kxf1 cxd4 15. cxd4 e5 16. Kg1 Qe8 17. d5 Nc4 18. Bf2 Bh6 19. Qd3 b5 20. h4 Qd7 21. g5 Bf8 22. a4 Nd6 23. Nc3 b4 24. Nb5 Nf7 25. Rc1 a6 26. Rc7 Qd8 27. Rxf7 Kxf7 28. Na7 Qd6 29. Nc6 Kg8 30. a5 Qc7 31. Bb6 Qd6 32. Qc4 Kh8 33. Nxe5 Kg8 34. Ng4 Bg7 35. e5 Bxe5 36. Nxe5 Qxe5 37. d6+ Kf8 38. Qxb4 Qb5 39. Qd4 Qe8 40. d7 1-0

[Event "Topusko Amateur op 6th"]
[Site "Topusko"]
[Date "2017.08.15"]
[Round "5"]
[White "Radenic, Filip"]
[Black "Levacic, Patrick"]
[Result "1-0"]
[WhiteElo "2187"]
[BlackElo "2285"]
[PlyCount "71"]
[EventDate "2017.08.12"]
[EventType "swiss"]
[EventRounds "9"]
[EventCountry "CRO"]
[SourceTitle "CBM 180 Extra"]
[Source "ChessBase"]
[SourceDate "2017.10.06"]
[SourceVersion "1"]
[SourceVersionDate "2017.10.06"]
[SourceQuality "1"]

1. c4 e5 2. Nc3 Nc6 3. g3 Bc5 4. Bg2 d6 5. e3 Nge7 6. a3 a6 7. b4 Ba7 8. Nge2 0-0 9. 0-0 Be6 10. Nd5 Ng6 11. Bb2 Qd7 12. Rc1 Nd8 13. d3 c6 14. Ndc3 Bh3 15. d4 Qg4 16. f3 Qh5 17. Ne4 Bxg2 18. Kxg2 Bb8 19. dxe5 dxe5 20. g4 Qh4 21. N2g3 Qe7 22. Nf5 Nh4+ 23. Kh1 Nxf5 24. gxf5 f6 25. Rg1 b6 26. Rc2 Ra7 27. Rcg2 Rf7 28. Qe1 Nb7 29. Qh4 Nd6 30. Nxd6 Qxd6 31. Rg3 Qd2 32. Rh3 Qxb2 33. Qxh7+ Kf8 34. Qh8+ Ke7 35. Qxb8 Rd7 36. Rh8 1-0

[Event "Topusko Amateur op 6th"]
[Site "Topusko"]
[Date "2017.08.13"]
[Round "3"]
[White "Radenic, Filip"]
[Black "Vujnovic, Patricija"]
[Result "1-0"]
[WhiteElo "2187"]
[BlackElo "2097"]
[PlyCount "91"]
[EventDate "2017.08.12"]
[EventType "swiss"]
[EventRounds "9"]
[EventCountry "CRO"]
[SourceTitle "CBM 180 Extra"]
[Source "ChessBase"]
[SourceDate "2017.10.06"]
[SourceVersion "1"]
[SourceVersionDate "2017.10.06"]
[SourceQuality "1"]

1. c4 e6 2. Nf3 d5 3. g3 Nf6 4. Bg2 d4 5. 0-0 c5 6. d3 Nc6 7. e4 Be7 8. e5 Nd7 9. Qe2 0-0 10. h4 f6 11. exf6 Bxf6 12. Nbd2 e5 13. Ne4 Be7 14. Nfg5 Nb6 15. Bd2 h6 16. Nh3 Be6 17. Kh2 Qe8 18. Rae1 Nd7 19. Ng1 Rc8 20. Bh3 Bxh3 21. Nxh3 Nf6 22. Nxf6+ Rxf6 23. Qg4 Bd6 24. f4 Rd8 25. f5 Qf7 26. Qe4 Bf8 27. g4 g6 28. Re2 gxf5 29. gxf5 Kh8 30. Be1 Bg7 31. Bg3 Rf8 32. Ref2 Re8 33. h5 Rd6 34. f6 Rxf6 35. Rxf6 Bxf6 36. Bh4 Re6 37. Qf5 Kg7 38. Rg1+ Kf8 39. Rg6 Ke7 40. Rxh6 Bxh4 41. Rh7 Rf6 42. Rxf7+ Rxf7 43. Qe4 Bf6 44. h6 Nd8 45. Nf4 Bh8 46. Ng6+ 1-0

[Event "CRO-ch U17"]
[Site "Vinkovci"]
[Date "2017.07.30"]
[Round "9"]
[White "Dabic, Stjepan"]
[Black "Radenic, Filip"]
[Result "0-1"]
[WhiteElo "1881"]
[BlackElo "2129"]
[PlyCount "56"]
[EventDate "2017.07.24"]
[EventType "swiss"]
[EventRounds "9"]
[EventCountry "CRO"]
[SourceTitle "EXT 2018"]
[Source "ChessBase"]
[SourceDate "2017.10.13"]
[SourceVersion "1"]
[SourceVersionDate "2017.10.13"]
[SourceQuality "1"]

1. d4 Nf6 2. c4 e6 3. Nc3 Bb4 4. e3 0-0 5. Bd3 d5 6. Nf3 c5 7. 0-0 dxc4 8. Bxc4 Nbd7 9. Qe2 cxd4 10. exd4 Nb6 11. Bd3 Be7 12. Rd1 Bd7 13. b3 Rc8 14. Bb2 Bc6 15. Rac1 Nbd5 16. g3 Nxc3 17. Bxc3 Qd5 18. Kg2 b5 19. Bb2 a6 20. Qe3 Bb7 21. Be2 Ne4 22. h4 Bf6 23. Kh2 Nd6 24. Rc5 Nf5 25. Qf4 Rxc5 26. dxc5 Qxc5 27. Nd4 Nxd4 28. Bxd4 Qd5 0-1

[Event "CRO-ch U17"]
[Site "Vinkovci"]
[Date "2017.07.27"]
[Round "6"]
[White "Tomulic, Teo"]
[Black "Radenic, Filip"]
[Result "0-1"]
[WhiteElo "2319"]
[BlackElo "2129"]
[PlyCount "114"]
[EventDate "2017.07.24"]
[EventType "swiss"]
[EventRounds "9"]
[EventCountry "CRO"]
[SourceTitle "EXT 2018"]
[Source "ChessBase"]
[SourceDate "2017.10.13"]
[SourceVersion "1"]
[SourceVersionDate "2017.10.13"]
[SourceQuality "1"]

1. d4 Nf6 2. c4 g6 3. Nc3 d5 4. Nf3 Bg7 5. e3 0-0 6. cxd5 Nxd5 7. Be2 c5 8. Qb3 Nb6 9. dxc5 N6d7 10. Qa3 Nc6 11. 0-0 a5 12. Na4 Nb4 13. Qb3 Qc7 14. Bd2 Nxc5 15. Nxc5 Qxc5 16. Rac1 Qd6 17. Rfd1 Be6 18. Bc4 Bxc4 19. Rxc4 Rfd8 20. a3 Qd3 21. Qxd3 Nxd3 22. Rc7 Nxb2 23. Rb1 b5 24. Kf1 Nc4 25. Bc1 Bf6 26. Ke2 Rab8 27. Rc5 Nd6 28. Nd2 Rdc8 29. Rd5 Bc3 30. Kd3 Rb6 31. Nb3 Rbc6 32. Ke2 a4 33. Nd2 Bg7 34. Kd1 Rc5 35. Rd3 Rc2 36. Rd5 f5 37. f3 Kf7 38. e4 Ke6 39. Rd3 Bh6 40. e5 Rxc1+ 41. Rxc1 Rxc1+ 42. Kxc1 Nc4 43. Kc2 Bxd2 44. Rd8 Bf4 45. g3 Bxe5 46. f4 Nxa3+ 47. Kc1 Bc3 48. Rd3 b4 49. h4 Nb5 50. Kc2 Nd4+ 51. Kb1 Kd5 52. h5 Kc4 53. Re3 b3 54. hxg6 hxg6 55. g4 a3 56. Re2 Nxe2 57. g5 a2# 0-1

[Event "World ol U16"]
[Site "Poprad"]
[Date "2016.07.25"]
[Round "5.4"]
[White "Amon, Nejc"]
[Black "Radenic, Filip"]
[Result "1/2-1/2"]
[WhiteElo "2104"]
[BlackElo "2083"]
[PlyCount "63"]
[EventDate "2016.07.22"]
[EventType "team-swiss"]
[EventRounds "9"]
[EventCountry "SVK"]
[SourceTitle "EXT 2017"]
[Source "ChessBase"]
[SourceDate "2016.10.25"]
[SourceVersion "1"]
[SourceVersionDate "2016.10.25"]
[SourceQuality "1"]
[WhiteTeam "Slovenia"]
[BlackTeam "Croatia"]
[WhiteTeamCountry "SLO"]
[BlackTeamCountry "CRO"]

1. e4 e6 2. d4 d5 3. Nd2 Nf6 4. e5 Nfd7 5. Bd3 c5 6. c3 Nc6 7. Ne2 cxd4 8. cxd4 f6 9. exf6 Nxf6 10. Nf3 Bd6 11. 0-0 Qc7 12. g3 0-0 13. Bf4 Bd7 14. Rc1 Bxf4 15. Nxf4 Qb6 16. b3 Rae8 17. Bb1 Nxd4 18. Qxd4 Qxd4 19. Nxd4 e5 20. Nde2 exf4 21. Nxf4 g5 22. Ng2 Re2 23. Rfe1 Rfe8 24. Ne3 Rb2 25. Red1 Re5 26. Rc7 Bc6 27. Nf5 Ree2 28. Nh6+ Kh8 29. Nf7+ Kg8 30. Nh6+ Kh8 31. Nf7+ Kg8 32. Nh6+ 1/2-1/2

[Event "World ol U16"]
[Site "Poprad"]
[Date "2016.07.23"]
[Round "3.4"]
[White "Omorjan, Dejan"]
[Black "Radenic, Filip"]
[Result "1-0"]
[WhiteElo "2201"]
[BlackElo "2083"]
[PlyCount "87"]
[EventDate "2016.07.22"]
[EventType "team-swiss"]
[EventRounds "9"]
[EventCountry "SVK"]
[SourceTitle "EXT 2017"]
[Source "ChessBase"]
[SourceDate "2016.10.25"]
[SourceVersion "1"]
[SourceVersionDate "2016.10.25"]
[SourceQuality "1"]
[WhiteTeam "Serbia"]
[BlackTeam "Croatia"]
[WhiteTeamCountry "SRB"]
[BlackTeamCountry "CRO"]

1. d4 Nf6 2. c4 g6 3. Nc3 d5 4. Nf3 Bg7 5. Bg5 Ne4 6. Bf4 Nxc3 7. bxc3 dxc4 8. e3 0-0 9. Bxc4 c5 10. 0-0 Nc6 11. Qe2 Bg4 12. Rfd1 cxd4 13. cxd4 Rc8 14. Rac1 Na5 15. Bd3 Qd7 16. Bb5 Qf5 17. Bc7 Nc6 18. Rc5 Qf6 19. Bg3 a6 20. Ba4 b5 21. Bb3 Na5 22. Rdc1 Rxc5 23. Rxc5 Rc8 24. Bh4 Qd6 25. Bxf7+ Kxf7 26. Ng5+ Ke8 27. Qxg4 Rxc5 28. dxc5 Qxc5 29. h3 Be5 30. Bg3 h5 31. Qe6 Qc1+ 32. Kh2 Bxg3+ 33. fxg3 Qc6 34. Qf7+ Kd7 35. Nh7 Qc4 36. Qxg6 Qxa2 37. Qxa6 b4 38. Qa7+ Kc6 39. Qa6+ Kc5 40. Ng5 b3 41. Ne4+ Kb4 42. Qb6+ Kc4 43. Qd4+ Kb5 44. Nc3+ 1-0

[Event "Zagreb Hulak Memorial op 1st"]
[Site "Zagreb"]
[Date "2016.06.14"]
[Round "6"]
[White "Rogulj, Branko"]
[Black "Radenic, Filip"]
[Result "1-0"]
[WhiteElo "2388"]
[BlackElo "2054"]
[PlyCount "103"]
[EventDate "2016.06.10"]
[EventType "swiss"]
[EventRounds "9"]
[EventCountry "CRO"]
[SourceTitle "CBM 173 Extra"]
[Source "ChessBase"]
[SourceDate "2016.08.29"]
[SourceVersion "1"]
[SourceVersionDate "2016.08.29"]
[SourceQuality "1"]

1. e4 e6 2. d4 d5 3. Nc3 Nf6 4. e5 Nfd7 5. f4 c5 6. Nf3 Nc6 7. Be3 a6 8. Ne2 b5 9. c3 Qb6 10. dxc5 Bxc5 11. Ned4 b4 12. a3 bxc3 13. b4 Bxd4 14. Nxd4 Nxd4 15. Qxd4 Qxd4 16. Bxd4 Bb7 17. Bd3 Ke7 18. Ke2 Rhc8 19. Rhc1 h6 20. a4 f6 21. Ra3 fxe5 22. fxe5 Rc6 23. Rcxc3 Rxc3 24. Rxc3 Rc8 25. Ra3 Kd8 26. Kd2 Kc7 27. a5 Nb8 28. Bc5 Bc6 29. Bd6+ Kb7 30. Ra1 Be8 31. Rf1 Nc6 32. Rf8 Nd4 33. Rg8 Nb3+ 34. Ke1 Rc1+ 35. Kf2 Bb5 36. Rxg7+ Ka8 37. Bxb5 axb5 38. Rc7 Rc4 39. Ke3 Re4+ 40. Kd3 h5 41. Rc6 Rg4 42. Ra6+ Kb7 43. Rb6+ Ka8 44. Rxb5 Rxg2 45. Kc3 Nd2 46. Rb8+ Ka7 47. Re8 Ne4+ 48. Kd4 Rd2+ 49. Ke3 Rxh2 50. b5 Rb2 51. Re7+ Ka8 52. b6 1-0

[Event "CRO-chT2 Center"]
[Site "Croatia"]
[Date "2015.10.18"]
[Round "10.56"]
[White "Maslac, Zvonimir"]
[Black "Radenic, Filip"]
[Result "0-1"]
[WhiteElo "2093"]
[BlackElo "1956"]
[PlyCount "48"]
[EventDate "2015.03.22"]
[EventType "team-tourn"]
[EventRounds "11"]
[EventCountry "CRO"]
[SourceTitle "EXT 2016"]
[Source "ChessBase"]
[SourceDate "2015.10.08"]
[SourceVersion "1"]
[SourceVersionDate "2015.10.08"]
[SourceQuality "1"]

1. e4 e6 2. d4 d5 3. Nc3 Nf6 4. Bg5 Be7 5. e5 Nfd7 6. Bxe7 Qxe7 7. Nf3 0-0 8. Bd3 a6 9. h4 f5 10. exf6 Nxf6 11. Qe2 c5 12. 0-0-0 c4 13. Bf5 Nc6 14. Bh3 b5 15. a3 a5 16. Ng5 b4 17. Nb5 bxa3 18. Nxa3 c3 19. Bxe6+ Kh8 20. Qe3 cxb2+ 21. Kb1 Bxe6 22. Qxe6 Qxa3 23. c3 Rae8 24. Qxc6 Re2 0-1

[Event "Topusko op 4th"]
[Site "Topusko"]
[Date "2015.08.02"]
[Round "2"]
[White "Muha, Miljenko"]
[Black "Radenic, Filip"]
[Result "1-0"]
[WhiteElo "2162"]
[BlackElo "1893"]
[PlyCount "127"]
[EventDate "2015.08.01"]
[EventType "swiss"]
[EventRounds "9"]
[EventCountry "CRO"]
[SourceTitle "CBM 167 Extra"]
[Source "ChessBase"]
[SourceDate "2015.09.14"]
[SourceVersion "1"]
[SourceVersionDate "2015.09.14"]
[SourceQuality "1"]

1. d4 Nf6 2. c4 g6 3. Nc3 d5 4. cxd5 Nxd5 5. e4 Nxc3 6. bxc3 Bg7 7. Nf3 c5 8. Be3 0-0 9. Qd2 Qa5 10. Rc1 Rd8 11. d5 e6 12. Be2 exd5 13. exd5 Nd7 14. c4 Qxd2+ 15. Kxd2 b6 16. Bd3 Ba6 17. Rhe1 Nf6 18. h3 Ne8 19. Ng5 Nd6 20. Ne4 Rac8 21. Nxd6 Rxd6 22. a4 Bb7 23. Rb1 Rd7 24. Rec1 Be5 25. h4 h5 26. Rg1 Rcd8 27. Kc2 f5 28. Bg5 Re8 29. Rbe1 Kf7 30. g3 Rd6 31. f3 Bf6 32. Rxe8 Kxe8 33. Bf4 Rd7 34. g4 hxg4 35. fxg4 Bxh4 36. gxf5 gxf5 37. Bxf5 Re7 38. d6 Re2+ 39. Kd3 Rf2 40. d7+ Kf7 41. Bg5 Rf3+ 42. Ke2 Rf2+ 43. Ke1 Rg2+ 44. Bxh4 Rxg1+ 45. Ke2 Rg8 46. d8Q Rxd8 47. Bxd8 Bc6 48. a5 b5 49. Bc8 Ke8 50. Bc7 bxc4 51. Ba6 Kd7 52. Bb8 Be4 53. Ke3 Bd5 54. Bxa7 Kc6 55. Bb8 Be6 56. Kd2 Bd5 57. Kc3 Be6 58. Bg3 Bd5 59. Bc8 Kb5 60. Bc7 Bf3 61. a6 Kc6 62. Bb7+ Kxc7 63. Bxf3 Kb6 64. Bb7 1-0